Online
Catalog

El caso de las trompetas celestiales / (Record no. 42596)

MARC details
000 -CABECERA
campo de control de longitud fija 00666nam a2200193 a 4500
001 - NÚMERO DE CONTROL
campo de control 000043107
005 - FECHA Y HORA DE LA ÚLTIMA TRANSACCIÓN
campo de control 20201002040638.0
008 - DATOS DE LONGITUD FIJA--INFORMACIÓN GENERAL
campo de control de longitud fija 140219s1975 sp 000 f spa d
020 ## - NÚMERO INTERNACIONAL ESTÁNDAR DEL LIBRO
Número Internacional Estándar del Libro 842064028X
040 ## - FUENTE DE LA CATALOGACIÓN
Centro catalogador/agencia de origen DO-SdBNP
Lengua de catalogación spa
Centro/agencia transcriptor BNPHU
100 1# - ENTRADA PRINCIPAL--NOMBRE DE PERSONA
Nombre de persona Burt, Michael
Fechas asociadas al nombre 1950-
9 (RLIN) 70640
240 10 - TÍTULO UNIFORME
Título uniforme The case of the angels´ trumpets
245 13 - MENCIÓN DE TÍTULO
Título El caso de las trompetas celestiales /
Mención de responsabilidad, etc. Michael Burt; traducción de Lucrecia Moreno de Sáenz.
260 ## - PUBLICACIÓN, DISTRIBUCIÓN, ETC.
Lugar de publicación, distribución, etc. Madrid,
Fecha de publicación, distribución, etc. 1975.
490 1# - MENCIÓN DE SERIE
Mención de serie Selecciones del Séptimo círculo
Designación de volumen o secuencia 28
500 ## - NOTA GENERAL
Nota general Libro de bolsillo
700 12 - PUNTO DE ACCESO ADICIONAL--NOMBRE DE PERSONA
Nombre de persona Moreno de Sáenz, Lucrecia
Término indicativo de función/relación trad.
9 (RLIN) 13036
830 #0 - PUNTO DE ACCESO ADICIONAL DE SERIE-TÍTULO UNIFORME
Título uniforme Selecciones del Séptimo círculo
Número de parte o sección de la obra 28
9 (RLIN) 70641
Holdings
Estado de retiro Estado de pérdida Restricciones de uso No para préstamo Código de colección Localización permanente Ubicación/localización actual Ubicación en estantería Fecha de adquisición Número de inventario Total de préstamos Signatura topográfica completa Código de barras Fecha visto por última vez Precio válido a partir de Tipo de ítem Koha
      Excluido de préstamo Monografías: Libros y Folletos General General En catalogación 19.02.2014 LF1   43107-10 25.06.2020 25.06.2020 No se presta

Powered by Koha